Practical homicide investigation tactics, procedures, and forensic techniques (Registro nro. 38288)

Detalles MARC
000 -ENCABEZADO
Número de control [NR] 00976nam a2200265Ia 4500
008 - DE LONGITUD FIJA DE DATOS DE ELEMENTOS - INFORMACIÓN GENERAL
Elementos de longitud fija [NR] 130821s2006 xxua gr eng
020 ## - NUMERO INTERNACIONAL NORMALIZADO PARA LIBROS [R]
Número Internacional Normalizado del libro [NR] 849333032
040 ## - FUENTE DE CATALOGACION [NR]
Agencia de catalogación original [NR] Co-BoUCM
Idioma de catalogación [NR] spa
041 00 - CODIGO DE IDIOMA [R]
Código de idioma para texto/pista de sonido o título separado [R] Inglés
100 1# - ASIENTO PRINCIPAL--NOMBRE PERSONAL [NR]
Nombre personal [NR] Geberth, Vernon J.
ID Autoridad 159670
245 10 - MENCION DE TITULO [NR]
Título [NR] Practical homicide investigation tactics, procedures, and forensic techniques
Mención de responsabilidad, etc. [NR] Vernon J. Geberth.
250 ## - MENCION DE EDICION [NR]
Mención de edición [NR] 4th ed.
260 ## - PUBLICACION, DISTRIBUCION, ETC. (PIE DE IMPRENTA) [R]
Lugar de publicación, distribución, etc. [R] Boca Ratón (Florida, Estados Unidos)
Nombre del editor, distribuidor, etc. [R] CRC/Taylor & Francis
Fecha de publicación, distribución, etc. [R] 2006
300 ## - DESCRIPCION FISICA [R]
Extensión [R] lx, 999 páginas
Otros detalles físicos [NR] ilustraciones a color
490 0# - MENCION DE SERIE [R]
Mención de serie [R] CRC Series in Practical Aspects of Criminal and Forensic Investigations
504 ## - NOTA DE BIBLIOGRAFIA, ETC. [R]
Nota de bibliografía, etc. [NR]
650 04 - ASIENTO SECUNDARIO DE MATERIA - TERMINO TEMATICO [R]
Término temático o nombre geográfico como elemento de entrada [NR] Asesinato
9 (RLIN) 9624
650 04 - ASIENTO SECUNDARIO DE MATERIA - TERMINO TEMATICO [R]
Término temático o nombre geográfico como elemento de entrada [NR] Ciencias forenses
9 (RLIN) 10810
650 04 - ASIENTO SECUNDARIO DE MATERIA - TERMINO TEMATICO [R]
Término temático o nombre geográfico como elemento de entrada [NR] Criminología
9 (RLIN) 12152
650 04 - ASIENTO SECUNDARIO DE MATERIA - TERMINO TEMATICO [R]
Término temático o nombre geográfico como elemento de entrada [NR] Derecho penal
9 (RLIN) 12805
650 04 - ASIENTO SECUNDARIO DE MATERIA - TERMINO TEMATICO [R]
Término temático o nombre geográfico como elemento de entrada [NR] Homicidio
9 (RLIN) 17002
650 04 - ASIENTO SECUNDARIO DE MATERIA - TERMINO TEMATICO [R]
Término temático o nombre geográfico como elemento de entrada [NR] Investigación criminal
9 (RLIN) 17980
942 ## - ELEMENTOS DE ENTRADA AGREGADOS (KOHA)
Tipo de ítem principal el descrito en 300a Libro
Sistema de clasificación DEWEY
Tema principal Derecho
Edición 4
Clasificación 363.25952
Parte restante de la signatura top. G293p
Existencias
Fecha de último préstamo Signatura topográfica Código de barras Última vez visto Volúmen / Fascículo Ejemplar Price effective from Tipo de ítem Nota pública (OPAC) Perdido Sistema de clasificación Dañado No prestable Tipo de ítem específico Suprimido Ubicación habitual Ubicación actual Localización Fecha de creación Forma de adquisición Costo
31/08/2012 363.25952 G293p 100125063 04/12/2025 4a. Ed. Ej.1 03/02/2013 Libro Spot Criminología e Investigación Criminal   DEWEY     Libro   Claustro Claustro 3er piso 30/09/2012 Compra 131500.00